Swedish Words That Sound Awkward In English - Statistics

General Stats
  • This quiz has been taken 250 times
  • The average score is 11 of 16
Answer Stats
The word... means _____ in Swedish. % Correct
Sex Six (6)
96%
Bra Good
93%
Barn Child
91%
Kock Chef
80%
Glass Ice cream
80%
Slut End
78%
Puss Kiss
78%
Gift Poison / Married
67%
Bad Bath
66%
Fart Speed
64%
Fan Damn
61%
Kiss Pee
61%
Hiss Elevator
56%
Prick Dot
49%
Rap Burp
38%
Fack Pocket / Trade Union
30%
No matching quizzes found
Score Distribution
Percent of People with Each Score
Percentile by Number Answered
Your Score History
You have not taken this quiz